Formal Specification Using Z / (Record no. 16542)
[ view plain ]
| 000 -LEADER | |
|---|---|
| fixed length control field | 01586 am a2200325ua 4500 |
| 001 - CONTROL NUMBER | |
| control field | 010680023 |
| 005 - DATE AND TIME OF LATEST TRANSACTION | |
| control field | 20091217015300.0 |
| 008 - FIXED-LENGTH DATA ELEMENTS--GENERAL INFORMATION | |
| fixed length control field | 010131s2001 enk || 001 ||eng |
| 020 ## - INTERNATIONAL STANDARD BOOK NUMBER | |
| International Standard Book Number | 0333763270 (pbk.) : |
| Terms of availability | £17.99 |
| 040 ## - CATALOGING SOURCE | |
| Original cataloging agency | StDuBDS |
| Modifying agency | Uk |
| 082 04 - DEWEY DECIMAL CLASSIFICATION NUMBER | |
| Classification number | 005.133 |
| Edition number | 21 |
| Item number | LIG |
| 100 1# - MAIN ENTRY--PERSONAL NAME | |
| Personal name | Lightfoot, David, |
| Dates associated with a name | 1951- |
| 9 (RLIN) | 29207 |
| 245 10 - TITLE STATEMENT | |
| Title | Formal Specification Using Z / |
| Statement of responsibility, etc | David Lightfoot. |
| 250 ## - EDITION STATEMENT | |
| Edition statement | 2nd ed. |
| 260 ## - PUBLICATION, DISTRIBUTION, ETC. (IMPRINT) | |
| Place of publication, distribution, etc | Basingstoke : |
| Name of publisher, distributor, etc | Palgrave, |
| Date of publication, distribution, etc | 2001. |
| 300 ## - PHYSICAL DESCRIPTION | |
| Extent | xii,164p. ; |
| Dimensions | 25cm. |
| 490 1# - Series Statement | |
| Series statement | Grassroots series |
| -- | 29208 |
| 500 ## - GENERAL NOTE | |
| General note | Previous ed.: Basingstoke : Macmillan, 1991. |
| 500 ## - GENERAL NOTE | |
| General note | Includes index. |
| 650 #0 - SUBJECT ADDED ENTRY--TOPICAL TERM | |
| Topical term or geographic name as entry element | Z (Computer program language) |
| 9 (RLIN) | 29209 |
| 650 #0 - SUBJECT ADDED ENTRY--TOPICAL TERM | |
| Topical term or geographic name as entry element | Computer software |
| General subdivision | Development. |
| 9 (RLIN) | 29210 |
| 650 #0 - SUBJECT ADDED ENTRY--TOPICAL TERM | |
| Topical term or geographic name as entry element | Formal methods (Computer science) |
| 9 (RLIN) | 29211 |
| 653 ## - INDEX TERM--UNCONTROLLED | |
| Resource For college | |
| Arrived date list | March2012 |
| 942 ## - ADDED ENTRY ELEMENTS (KOHA) | |
| Source of classification or shelving scheme | Dewey Decimal Classification |
| Item type | Book - Borrowing |
| Withdrawn status | Item status | Source of classification or shelving scheme | Damaged status | Not for loan | Vendor | Home library | Current library | Shelving location | Date acquired | Source of acquisition | Total Checkouts | Full call number | Barcode | Date last seen | Koha item type |
|---|---|---|---|---|---|---|---|---|---|---|---|---|---|---|---|
| Dewey Decimal Classification | Baccah | Central Library | Central Library | Lower Floor | 05/03/2012 | 005.133 LIG | 000026308 | 15/07/2025 | NB - Book (Non borrowing) | ||||||
| Dewey Decimal Classification | Baccah | Central Library | Central Library | Lower Floor | 05/03/2012 | 005.133 LIG | 000026309 | 15/07/2025 | Book - Borrowing | ||||||
| Dewey Decimal Classification | Baccah | Central Library | Central Library | Lower Floor | 05/03/2012 | 005.133 LIG | 000026310 | 15/07/2025 | Book - Borrowing | ||||||
| Dewey Decimal Classification | Baccah | Central Library | Central Library | Lower Floor | 05/03/2012 | 005.133 LIG | 000026312 | 15/07/2025 | Book - Borrowing | ||||||
| Dewey Decimal Classification | Baccah | Central Library | Central Library | Lower Floor | 05/03/2012 | 005.133 LIG | 000026311 | 15/07/2025 | Book - Borrowing |